Improbidade administrativa / (Record no. 514)

MARC details
000 -LÍDER
Campo Fixo de Controle 00935nam a2200277 a 4500
001 - NÚMERO DE CONTROLE
Campo de Controle 514
003 - IDENTIFICAÇÃO DO NÚMERO DE CONTROLE
Campo de Controle BR-CuiBMT
005 - DATA E HORA DA ÚLTIMA ATUALIZAÇÃO
Campo de Controle 20231108163759.0
008 - DADOS FIXOS
Dados Fixos 230904s2011 mgb 001 0 por d
020 ## - INTERNATIONAL STANDARD BOOK NUMBER
Nº do ISBN 9788537510414
040 ## - AGÊNCIA CATALOGADORA
Código da Agência Catalogadora BR-CuiBMT
Agência que transcreveu o registro BR-CuiBMT
080 ## - Nº DA CLASSIFICAÇÃO DECIMAL UNIVERSAL
Nº Class. CDU 35.086:343.35
Nº edição CDU 2007
090 ## - NÚMERO DE CHAMADA
Nº classificação 35.086:343.35
Cutter G216i
Ano/Edição 6. ed.
100 1# - ENTRADA PRINCIPAL -- AUTOR PESSOAL
Nome pessoal Garcia, Emerson
245 10 - TÍTULO PRINCIPAL
Título principal Improbidade administrativa /
Indicação de responsabilidade Emerson Garcia e Rogério Pacheco Alves ; [prefaciado por José dos Santos Carvalho Filho].
250 ## - EDIÇÃO
Edição 6. ed. rev., ampli. e atual.
260 ## - PUBLICAÇÃO, DISTRIBUIÇÃO, ETC.
Local de publicação Rio de Janeiro :
Editora Lumen Juris,
Data 2008.
300 ## - DESCRIÇÃO FÍSICA
N. páginas ou volumes 1293 p. ;
Dimensões 24 cm
504 ## - NOTA DE BIBLIOGRAFIA, ETC.
Nota de bibliografia Inclui bibliografia e índice.
650 ## - ASSUNTO TÓPICO
Cabeçalho tópico ou nome geográfico Direito administrativo
650 ## - ASSUNTO TÓPICO
Cabeçalho tópico ou nome geográfico Corrupção administrativa
Subdivisão geral Direito comparado
Subdivisão geográfica Brasil
650 ## - ASSUNTO TÓPICO
Cabeçalho tópico ou nome geográfico Legislação
Subdivisão geográfica Brasil
650 ## - ASSUNTO TÓPICO
Cabeçalho tópico ou nome geográfico Crime contra administração pública
700 ## - ENTRADA SECUNDÁRIA -- NOME PESSOAL
Nome pessoal Alves, Rogério Pacheco
942 ## - ELEMENTOS DE ENTRADA ADICIONAIS (KOHA)
Fonte de classificação ou esquema de arquivamento Classificação Decimal Universal
Tipo de item do Koha Livros
Holdings
Estado: removido Estado: perdido Fonte de classificação ou esquema de arquivamento Estado: danificado Indisponível para empréstimo Localização permanente Localização atual Data de aquisição Total Checkouts Número de Chamada completo Código de barras Date last seen Número do exemplar Preço efetivo a partir de Tipo de item (Koha)
    Classificação Decimal Universal     Biblioteca da Escola Superior de Contas do TCE/MT Biblioteca da Escola Superior de Contas do TCE/MT 02/04/2013   35.086:343.35 G216i 6. ed. BIBTCEMT23110277 08/11/2023 Ex. 1 08/11/2023 Livros

Powered by Koha